000
00325 a2200157 4500
001
44637
020
_a
8585923121
040
_c
Anchieta - Aquarius
100
_a
Gouveia, Luis Augusto
240
1
0
_a
Lucas
_l
por
245
1
0
_a
Lucas
300
_a
32
362
0
_a
2001
650
4
_a
Literatura infanto-juvenil
942
_c
BK
999
_c
44637
_d
44637